Statistics for Chelsea Champion's League Final 2012 Starting XI

Click here to take the quiz!

General Stats

  • This quiz has been taken 5,554 times
  • The average score is 8 of 11

Answer Stats

PositionPlayer% Correct
GKPetr Cech
98%
STDidier Drogba
97%
CMFrank Lampard
95%
LBAshley Cole
92%
CBGary Cahill
83%
CBDavid Luiz
78%
RWJuan Mata
67%
CMRyan Bertrand
61%
CMJohn Obi Mikel
58%
LWSaloman Kalou
53%
RBJose Bosingwa
50%

Score Distribution

Percentile by Number Answered

Percent of People with Each Score

Your Score History

You have not taken this quiz